Tulsian's accountancy for CA intermediate course (Group l ): (Record no. 181063)

MARC details
000 -LEADER
fixed length control field 00863nam a2200241 4500
005 - DATE AND TIME OF LATEST TRANSACTION
control field 20210827121104.0
010 ## - LCCN (DPL NO)
LC control number B-741410
020 ## - INTERNATIONAL STANDARD BOOK NUMBER
International Standard Book Number 9789352535217
Terms of availability 895.00
020 ## - INTERNATIONAL STANDARD BOOK NUMBER
International Standard Book Number 9789352535217(Supplementary copy of main textbook)
Terms of availability 895.00
035 ## - SYSTEM CONTROL NUMBER
System control number B-741410
037 ## - SOURCE OF ACQUISITION
Source of stock number/acquisition Gift
082 ## - DEWEY DECIMAL CLASSIFICATION NUMBER
Classification number 657
100 ## - MAIN ENTRY--PERSONAL NAME
Personal name Tulsian,P.C
245 ## - TITLE STATEMENT
Title Tulsian's accountancy for CA intermediate course (Group l ):
Remainder of title with quick revision book (supplementary to the main textbook)
Statement of responsibility, etc by P.C.Tulsian [and] Bharat Tulsian
250 ## - EDITION STATEMENT
Edition statement 10th rev. ed
260 ## - PUBLICATION, DISTRIBUTION, ETC. (IMPRINT)
Place of publication, distribution, etc New Delhi
Name of publisher, distributor, etc S. Chand
Date of publication, distribution, etc 2018
270 ## - ADDRESS
Address 7361, Ram Nagar,
City New Delhi
Postal code 110055
300 ## - PHYSICAL DESCRIPTION
Extent vp.
Dimensions 26 cm(pbk)
505 ## - FORMATTED CONTENTS NOTE
Formatted contents note 12e
700 ## - ADDED ENTRY--PERSONAL NAME
Personal name Tulsian,Bharat
942 ## - ADDED ENTRY ELEMENTS (KOHA)
Source of classification or shelving scheme Dewey Decimal Classification
Item type English Books
Classification part 657
Call number suffix TUL
Holdings
Withdrawn status Lost status Not for loan Collection code Home library Current library Date acquired Source of acquisition Cost, normal purchase price Full call number Barcode Copy number Cost, replacement price Koha item type Public note
      Non-fiction Central Library Central Library 27/08/2021 Gift/Eng/18.8.2021 895.00 657 TUL B-741410 1 895.00 English Books Gift

© Delhi Public Library
Hit Counter
free hit counter